Electoral Voting Trends by State Quiz Stats

 Plays Quiz Updated Dec 15, 2020

Support Sporcle.
Go Orange.
Score 0/51 Timer 08:00
2 Plays Today
State Party % Correct
Alaska???
86.3%
District of Columbia???
81.8%
Arizona???
81.1%
Idaho???
77%
Kansas???
76.3%
Nebraska???
75.4%
Montana???
74.6%
Hawaii???
74.1%
North Dakota???
73.7%
South Dakota???
73.1%
Wyoming???
71.7%
Utah???
71.4%
Iowa???
70.4%
Indiana???
70.2%
Louisiana???
68.6%
Oklahoma???
64.9%
Georgia???
64.8%
Mississippi???
64.7%
Tennessee???
62.3%
Maryland???
62.3%
Nevada???
61.4%
Arkansas???
61.1%
New York???
61%
South Carolina???
60.9%
Rhode Island???
60.6%
Ohio???
59.8%
State Party % Correct
Colorado???
58.2%
Maine???
57.6%
Virginia???
57.6%
Missouri???
56.9%
New Hampshire???
56.3%
Wisconsin???
56.1%
Delaware???
55.2%
North Carolina???
55.2%
West Virginia???
54.2%
Alabama???
51.5%
Vermont???
51%
Texas???
50.6%
Pennsylvania???
50.4%
Michigan???
49.5%
New Jersey???
49.4%
Illinois???
48.7%
Florida???
47%
Washington???
46.8%
Kentucky???
46.3%
Minnesota???
43.5%
New Mexico???
39.8%
Connecticut???
38.9%
Oregon???
38.1%
Massachusetts???
37.7%
California???
36.6%

You're not logged in!

Compare scores with friends on all Sporcle quizzes.
OR
Log In

From the Vault

Fill-in-the-Blank: Missing Women II

by livfred

Normally we'd say "No Woman? No Cry" but getting zero will probably leave you in tears.
Remove Ads.
Support Sporcle.
Get the best of Sporcle when you Go Orange. This ad-free experience offers more features, more stats, and more fun while also helping to support Sporcle. Thank you for becoming a member.

Show Comments

Extras

Top Quizzes Today


Score Distribution

Your Account Isn't Verified!

In order to create a playlist on Sporcle, you need to verify the email address you used during registration. Go to your Sporcle Settings to finish the process.

Report this User

Report this user for behavior that violates our Community Guidelines.

Details: